Holiday Quiz

Random Holiday Quiz
Score 0/36 Timer 07:00
0 Plays Today
Hint Answer % Correct
BlackpoolCala Gran
59.7%
DevonDevon Cliffs
58.1%
ScotlandCraig Tara
56.5%
LincolnshireGolden Sands
54.8%
DorsetSeaview
54.8%
BlackpoolMarton Mere
53.2%
YorkshireBlue Dolphin
53.2%
LincolnshireThorpe Park
53.2%
NorfolkWild Duck
53.2%
DorsetWeymouth Bay
53.2%
NorthumberlandBerwick
51.6%
YorkshirePrimrose Valley
51.6%
DorsetLittlesea
51.6%
NorfolkSeashore
50%
ScotlandSeton Sands
48.4%
NorthumberlandHaggerston Castle
48.4%
North WalesPresthaven
46.8%
The LakesLakeland
45.2%
Hint Answer % Correct
SomersetDoniford Bay
45.2%
South WalesQuay West
45.2%
NorfolkCaister-on-sea
43.5%
KentAllhallows
43.5%
DorsetRockley Park
43.5%
EssexThe Orchards
41.9%
SomersetBurnham-on-sea
41.9%
NorfolkHopton
40.3%
North WalesGreenacres
40.3%
SussexCombe Haven
38.7%
SussexChurch Farm
38.7%
CornwallPerran Sands
37.1%
South WalesKiln Park
37.1%
YorkshireReighton Sands
35.5%
CornwallRiviere Sands
29%
YorkshireThornwick Bay
25.8%
South WalesLydstep Beach
22.6%
North WalesHafon y Mor
17.7%
Come Together.
Have Fun.
All Virtual.
We all need to come together. Play Sporcle's virtual live trivia to have fun, connect with people, and get your trivia on. Join a live hosted trivia game for your favorite pub trivia experience done virtually. If a virtual private party is more your thing, go here for details.

You're not logged in!

Compare scores with friends on all Sporcle quizzes.
OR
Log In

Sporcle TV

Today on Sporcle TV


Watch our educational content, quiz creation guides, and fun videos on Sporcle TV.

Show Comments

Extras

Created Jan 3, 2016ReportNominate
Tags:Haven, resort, Resort Locations

Top Quizzes Today


Score Distribution

Paid Content

Your Account Isn't Verified!

In order to create a playlist on Sporcle, you need to verify the email address you used during registration. Go to your Sporcle Settings to finish the process.

Report this User

Report this user for behavior that violates our Community Guidelines.

Details: